AFC members by Logo - Statistics

General Stats
  • This quiz has been taken 112 times
  • The average score is 34 of 47
Answer Stats
Picture Answer % Correct
Qatar
100%
Laos
99%
Lebanon
99%
Yemen
99%
Vietnam
97%
North Korea
95%
Iran
94%
Japan
94%
China
93%
Jordan
93%
Saudi Arabia
92%
Nepal
91%
Sri Lanka
91%
Cambodia
90%
India
90%
Kuwait
86%
Macau
86%
South Korea
85%
Syria
83%
Australia
81%
Iraq
77%
Mongolia
77%
East Timor
76%
Hong Kong
76%
Malaysia
76%
Kyrgyzstan
75%
Oman
73%
Palestine
70%
United Arab Emirates
70%
Turkmenistan
69%
Uzbekistan
69%
Thailand
66%
Pakistan
64%
Tajikistan
63%
Bahrain
59%
Afghanistan
58%
Bhutan
55%
Myanmar
55%
Maldives
49%
Taiwan
47%
Bangladesh
45%
Singapore
45%
Guam
42%
Indonesia
39%
Brunei Darussalam
36%
Philippines
33%
Northern Mariana Islands
26%
No matching quizzes found
Score Distribution
Percent of People with Each Score
Percentile by Number Answered
Your Score History
You have not taken this quiz